How to prepare for the CAT : common admission test (Record no. 211740)

MARC details
000 -LEADER
fixed length control field 00544nam a2200193Ia 4500
008 - FIXED-LENGTH DATA ELEMENTS--GENERAL INFORMATION
fixed length control field 231221s9999 xx 000 0 und d
020 ## - INTERNATIONAL STANDARD BOOK NUMBER
International Standard Book Number 9780000000000
041 ## - LANGUAGE CODE
Language code of text/sound track or separate title English
082 ## - DEWEY DECIMAL CLASSIFICATION NUMBER
Classification number 658.076 MUN;7
100 ## - MAIN ENTRY--PERSONAL NAME
Personal name Muneer, Muhammed.Venkataramani,G. Regina, C A.
245 #0 - TITLE STATEMENT
Title How to prepare for the CAT : common admission test
250 ## - EDITION STATEMENT
Edition statement 3rd ed.
260 ## - PUBLICATION, DISTRIBUTION, ETC.
Date of publication, distribution, etc. 2007
Name of publisher, distributor, etc. TMH
Place of publication, distribution, etc. New Delhi
300 ## - PHYSICAL DESCRIPTION
Extent xiii, 551
300 ## - PHYSICAL DESCRIPTION
Dimensions 68412
440 ## - SERIES STATEMENT/ADDED ENTRY--TITLE
Title Tata Mcgraw-hill winning edge series
650 ## - SUBJECT ADDED ENTRY--TOPICAL TERM
Topical term or geographic name entry element prepare,CAT,admission
942 ## - ADDED ENTRY ELEMENTS (KOHA)
Koha item type Compact Disks
Holdings
Date last seen Total checkouts Full call number Accession number Price effective from Category Lost status Damaged status Department Withdrawn status Home library Current library Shelving location Entry date Vendor Grants Billnumber Billdate Currency symbol Conversion rate Discount Old discount
26/01/2024   658.076 MUN;7 CD4938 26/01/2024 Compact Disks     Central Library   Central Library Central Library Central Library   Book Paradise MCA 60007 25/02/2014 RS 1    
26/01/2024   658.076 MUN;8 CD4939 26/01/2024 Compact Disks     Central Library   Central Library Central Library Central Library   Book Paradise MCA 60007 25/02/2014 RS 1    
26/01/2024   658.076 MUN;9 CD4940 26/01/2024 Compact Disks     Central Library   Central Library Central Library Central Library   Book Paradise MCA 60007 25/02/2014 RS 1    
26/01/2024   658.076 MUN;10 CD4941 26/01/2024 Compact Disks     Central Library   Central Library Central Library Central Library   Book Paradise MCA 60007 25/02/2014 RS 1    
26/01/2024   658.076 MUN;11 CD4942 26/01/2024 Compact Disks     Central Library   Central Library Central Library Central Library   Book Paradise MCA 60007 25/02/2014 RS 1    
26/01/2024   658.076 MUN;7 CD5249 26/01/2024 Compact Disks     Central Library   Central Library Central Library Central Library   Publisher DONATED   25/02/2014 RS 1    
26/01/2024   658.076 MUN;8 CD5668 26/01/2024 Compact Disks     Central Library   Central Library Central Library Central Library   Publisher DONATED   12/09/2016 RS 1    

© For any Suggestions or Query, please contact the library staff @ librarian@pes.edu or Phone: +9180 2672 1983/ 2108.